Clubes que han aportado futbolistas españoles a los mundiales - Estadísticas

Estadísticas generales
  • Esta prueba ha sido intentada 37 veces
  • La puntuación promedio es 22 de 38
Estadísticas de respuestas
Total de futbolistas españoles en mundiales Primer mundial con españoles convocados Último mundial con españoles convocados Club % Correcto
31 1934 2022 Athletic Club
100%
83 1934 2022 FC Barcelona
100%
76 1934 2022 Real Madrid
100%
8 1934 2010 Sevilla FC
100%
7 1934 2006 Real Betis
97%
31 1934 2022 Atlético de Madrid
94%
26 1950 2022 Valencia CF
94%
11 1934 2018 Real Sociedad
92%
7 1934 2002 Deportivo de La Coruña
81%
4 2006 2022 Villarreal CF
81%
5 1950 2018 Celta de Vigo
78%
1 2002 2002 Málaga CF
78%
2 2002 2002 RCD Mallorca
75%
4 1934 1950 RCD Espanyol
69%
11 1962 1990 Real Zaragoza
69%
1 2006 2006 Getafe CF
67%
4 2014 2022 Manchester City
67%
3 2014 2018 Manchester United
67%
2 2022 2022 PSG
61%
5 2006 2018 Arsenal FC
58%
4 2014 2022 Chelsea FC
58%
2 1950 2002 Real Valladolid
58%
1 1978 1978 UD Las Palmas
58%
3 1962 1966 Inter de Milan
53%
7 1978 1994 Sporting de Gijón
53%
1 1966 1966 Juventus de Turín
50%
5 2006 2010 Liverpool FC
50%
2 2014 2018 Bayern Munich
47%
1 1934 1934 Real Oviedo
47%
1 1994 1994 CD Tenerife
33%
3 2014 2018 SSC Napoli
19%
1 1978 1978 Burgos CF
17%
1 1994 1994 CD Logroñés
17%
1 2002 2002 SS Lazio
14%
1 1966 1966 Córdoba CF
11%
1 2022 2022 Brentford FC
6%
1 2022 2022 Brighton & Hove Albion FC
6%
1 2022 2022 RB Leipzig
6%
No se encontraron pruebas coincidentes
Distribución de puntuación
Porcentaje de gente con cada puntuación
Porcentaje por número respondido
Historial de tus puntuaciones
No has intentado esta prueba.